It looks like you're offline.
Open Library logo
additional options menu

MARC Record from Scriblio

Record ID marc_records_scriblio_net/part05.dat:71661850:414
Source Scriblio
Download Link /show-records/marc_records_scriblio_net/part05.dat:71661850:414?format=raw

LEADER: 00414nam 22001694 4500
001 63007267 /L
003 DLC
005 19790101000000.0
008 7510 6s1963 nyu 00000 eng
010 $a 63007267 /L
040 $cWa
050 0 $aPZ4.B626$bDe
100 10 $aBjorn, Thyra (Ferré)
245 10 $aDear Papa.
250 $a[1st ed.]
260 0 $aNew York,$bHolt, Rinehart and Winston$c[1963]
300 $a191 p.$c21 cm.